000 00602nam a2200205Ia 4500
005 20250923145345.0
008 008 250917s9999 xx 000 0 eng d
037 _aTextual
040 _aDSWL
_beng
_cDSWL
041 _aeng
_2eng
084 _aR6'N< - M, N76
_qDSWL
100 _aLederle, Mathew
_9834437
245 0 _aPhilosophical trends in Modern Maharaotra
_c by Mathew Lederle
260 _aBombay
_bPopular Prakashan
_c1976
300 _axviii,167p.
365 _aINR
_b68 . 40
925 _g68 . 40
942 _cTEXL
_hR6'N< - M, N76
999 _c1450401
_d1450401